000 00438nam a2200181Ia 4500
005 20240823015742.0
008 240823s9999||||xx |||||||||||||| ||und||
082 _A621.382 N2
100 _aTaub
245 0 _aPrinciples of Communication System
250 _a2nd
260 _c1992
_b"TMH,New Delhi"
500 _aYES
650 _aElectronics Communication
_bElectronics
700 _a Schilling
942 _cBK
999 _c173160
_d173160